000 005610000a22001810004500
090 _aAR
_b03757
245 1 0 _aViewing invasive species removal in a whole - ecosystem context
650 1 4 _aEspecies invasoras
_9308
650 1 4 _aTeoría ecológica
_995169
650 1 4 _aImpacto ambiental
_992215
650 1 4 _aGestión ambiental
_992206
041 0 _aInglés
700 1 _aHobbs, Richard
_994894
700 1 _aMooney, Harold A.
_987
100 1 _aZavaleta, Erika S.
_995952
942 _cARTICULO
773 1 _tTrends in Ecology & Evolution
_h8
_q454-459
_d2001
_g16
999 _c12793
_d12793